Propuesta de mejoramiento urbano del área comercial y de servicio del corredor urbano: Rotonda jean Paul Genie hasta semáforos club terraza. Managua
Con el análisis del corredor comercial y de servicio de la rotonda Jean Paul Genie hasta los semáforos del Club Terraza en la presente investigación, además de brindar la propuesta de mejoramiento urbano del corredor de estudio y propuestas puntuales de diseño claves, pretenden servir de soport...
| Main Authors: | , , |
|---|---|
| Other Authors: | |
| Format: | Tesis Section = Libro |
| Language: | Undetermined Spanish |
| Published: |
Managua
UNI
2023
|
| Subjects: |
| LEADER | 01328nam a2200277Ia 4500 | ||
|---|---|---|---|
| 008 | 240830s9999 xx 000 0 und d | ||
| 040 | |a BIBLIOTECA-RUSB/ Mon 711.4 Q7 | ||
| 041 | |a spa | ||
| 082 | |a Mon 711.4 Q7 | ||
| 100 | 1 | |a Quintanilla Morales, Bruna del Socorro | |
| 100 | 1 | |b Picado Gaitán, Jason Ben | |
| 100 | 1 | |c Gutiérrez Murillo, Ronaldo | |
| 245 | 1 | 0 | |a Propuesta de mejoramiento urbano del área comercial y de servicio del corredor urbano: Rotonda jean Paul Genie hasta semáforos club terraza. Managua |
| 260 | |a Managua |b UNI |c 2023 | ||
| 300 | |a 74 p. :il. | ||
| 500 | |a Contiene: anexos y CD | ||
| 502 | |a Tesis (Arquitecto) - UNI, 2023. | ||
| 520 | 3 | |a Con el análisis del corredor comercial y de servicio de la rotonda Jean Paul Genie hasta los semáforos del Club Terraza en la presente investigación, además de brindar la propuesta de mejoramiento urbano del corredor de estudio y propuestas puntuales de diseño claves, pretenden servir de soporte y guía para la implementación de las propuestas para su mantenimiento y permanencia. | |
| 650 | 7 | |a URBANISMO-NICARAGUA | |
| 650 | 7 | |b ORDENAMIENTO URBANO-MANAGUA | |
| 650 | 7 | |c VIVIENDAS | |
| 650 | 7 | |d ASENTAMIENTOS-PLANIFICACION | |
| 700 | 1 | |a Tutor: |b Morales Alonzo, Fernando Valentín | |
| 942 | |c BK |2 ddc | ||
| 991 | |a TESIS | ||
| 999 | |c 27795 | ||